Statistics for Biggest Cities of Europe in 500 BC with a Map

Click here to take the quiz!

General Stats

  • This quiz has been taken 211 times
  • The average score is 14 of 51

Answers on the Map

Answers color-coded by a green-red scale on the quiz's map according to % correct below.
 

Answer Stats

PopulationCities% Correct
100kRoma
(Rome)
99%
90kAthenai
(Athens)
95%
15kNeapolis
(Naples)
87%
20kByzantion
(Istanbul)
83%
40kLakedaimon
(Sparta)
82%
15kMassalia
(Marseille)
81%
80kSyrakousai
(Syracuse)
80%
40kZancle
(Messina)
65%
70kKorinthos
(Corinth)
63%
40kTaras
(Taranto)
53%
20kEpidamnos
(Durrës)
38%
30kPantikapaion
(Kerch)
38%
35kKorkyra
(Corfu)
36%
40kArgos
34%
40kAkragas
(Agrigento)
32%
30kSamos
(Pythagoreio)
28%
30kCapeva
(Capua)
27%
30kPeiraieus
(Piraeus)
27%
35kKroton
(Crotone)
26%
30kMegara
20%
20kMytilene
19%
25kDelos
18%
35kGela
17%
25kAmbracia
(Arta)
15%
30kVeia
(Isola Farnese)
15%
30kElis
14%
25kPaestum
12%
95kSybaris
(Sibari)
12%
15k
Eretria
11%
15kKyme
(Cuma)
11%
30kMetapontion
(Metaponto)
11%
20kTarchuna
(Tarquinia)
11%
30kEdessa
10%
15kHimera
(Termini Imerese)
10%
55kSelinous
(Marinella di Selinunt)
10%
40kTegea
10%
20kOrchomenos
9%
15kVelathri
(Volterra)
9%
15kLokroi
(Locri)
8%
15kPhanagoreia
(Sennoy)
7%
15kPlataia
(Plataies)
7%
25kPupluna
(Populonia)
7%
35kSicyon
(Sikyona)
7%
25kCaisra
(Cerveteri)
6%
15kOlynthos
6%
15kStratos
6%
15kVatluna
(Vetulonia)
6%
15kVelch
(Vulci)
6%
40kMaroneia
5%
40kPhigaleia
(Figaleia)
5%
20kKoroneia
4%

Score Distribution

Percentile by Number Answered

Percent of People with Each Score

Your Score History

You have not taken this quiz